000 00384nam a22001697a 4500
003 MPLRDC
005 20220104163021.0
008 210129b ||||| |||| 00| 0 eng d
020 _a983-99825-3-2
082 _a294 TOO
100 _aLILLIAN TOO
245 _aFENG SHUI
_c
260 _a
_bKONSEP BOOKS
_c1993
300 _b
650 _a堪舆--风水
942 _cBK
_o294 TOO
999 _c56255
_d56245